|
|
|
|
| LEADER |
00908nab#a2200313#ar4500 |
| 001 |
000108046 |
| 003 |
SVKKK |
| 005 |
20120507104653.0 |
| 008 |
100818c2011 xo |||||||||||||||b|slo |
| FMT |
|
|
|
| 015 |
|
|
|a SNBRB2012/05
|
| 038 |
|
|
|a SVKKK
|
| 040 |
|
|
|a SVKKK
|b slo
|e AACR2
|
| 041 |
0 |
|
|a slo
|
| 044 |
|
|
|a xo
|c SK
|
| 080 |
|
|
|a 504.06
|2 1997
|
| 245 |
1 |
0 |
|a Národná podnikateľská cena za životné prostredie v SR
|b tretí ročník prestížnej súťaže má svojich víťazov
|c [autor] (rab)
|
| 300 |
|
|
|b Fotogr.
|
| 611 |
2 |
4 |
|a Národná podnikateľská cena za životné prostredie v SR
|n (3. :
|d 2011 :
|c Liptovský Ján, Slovensko)
|
| 651 |
|
4 |
|a Slovensko
|
| 773 |
0 |
|
|t 21. storočie
|g Roč. 14, č. 3 (2011), s. 11-12
|x 1335-874X
|
| 958 |
|
|
|a SK
|
| 974 |
|
|
|a Fav
|
| 992 |
|
|
|a RBX
|
| BAS |
|
|
|
| 856 |
4 |
1 |
|u http://www.envira.sk/3_2011/11-12.pdf
|
| 852 |
|
|
|a SVKKK
|b BIB
|
| EXP |
|
|
|
| 998 |
|
|
|a GEO
|